LEADER 01059nam a2200241 i 4500 001 000000052718 003 CaOOAMICUS 005 20080312000000.0 008 080312s1901 it u000 u ita u 013 $a23890 040 $aSeMil$bita 100 1 $aCurti, Antonio <1858-1945>.$0(OLS)http://semarc/name/4735 245 10$aFoeuj secch :$bversi in dialetto milanese /$cAntonio Curti ; con una prefazione di Raffaello Barbiera sulla rifioritura dialettale. 250 $a2. edizione. 260 $aMilano :$bCarlo Aliprandi,$c1901. 300 $a176 p. ;$c20 cm. 650 4$aPoesia dialettale - Milano.$0(OLS)http://semarc/subject/1291 700 1 $aBarbiera, Raffaello,$d<1851-1934>.$0(OLS)http://semarc/name/8134 850 $aSeMil 852 $aSeMil$W1$xVenegono$y1$m1S II 6$j18872$B18872$CSeMilBibl$Z2$F18874 $81 961 $aOmaggio: Biblioteca Seminario Seveso (fino al 1985) 996 $6245$aFoeuj secch :$bversi in dialetto milanese$9(OLS)http://semarc/title/81010 996 $6260$aMilano :$bCarlo Aliprandi$9(OLS)http://semarc/publisher/35085 LEADER 01071nam a2200253 i 4500 001 000000055839 003 CaOOAMICUS 005 20231006111859.0 008 120424s1893 fr u000 u fre u 040 $aSeMil$bita 100 1 $aBonnefon, Paul <1861-1922>.$0(OLS)http://semarc/name/28130 245 10$aMontaigne :$bl'homme et l'oeuvre /$cPaul Bonnefon. 264 1$aParis :$bJ. Rouam et C. ;$aBordeaux :$bG. Gounouilhou,$c1893. 300 $aXIII, 502 p., [1] c. di tav. :$britr., ill. ;$c25 cm. 500 $aIn custodia. - Fondo Ciprandi. 600 14$aMontaigne, Michel : de <1533-1592>.$0(OLS)http://semarc/subject/3887 850 $aSeMil 852 $aSeMil$W1$xVenegono$y1$m1V VII 14 FA$j21993$B21993$CSeMilBibl$Z2$F21995 $8I 941 1 $a1 961 $aOmaggio: Ciprandi dott. Paolo 996 $6245$aMontaigne :$bl'homme et l'oeuvre$9(OLS)http://semarc/title/86702 996 $6264$aParis :$bJ. Rouam et C.$9(OLS)http://semarc/publisher/41778 996 $6264$aBordeaux :$bG. Gounouilhou$9(OLS)http://semarc/publisher/41777